Pla d'acció cultural d'Igualada : Fase de diagnòstic / Institut Municipal de Cultura (d'Igualada) Fase de diagnòstic / Institut Municipal de Cultura (d'Igualada)
Descripción Física:
166 p. : quadres, taules ; 30 cm
Colección:
Papers de treball (Diputació) ; 1
MARC
| LEADER | 00000nam a2200000Ia 4500 | ||
|---|---|---|---|
| 001 | 15982 | ||
| 003 | BGR | ||
| 005 | 20260324175652.0 | ||
| 008 | 160829s9999 xx 000 0 cat d | ||
| 080 | |a M-4-353 | ||
| 110 | 1 | |a Institut Municipal de Cultura (Igualada) |9 14090 | |
| 245 | |a Pla d'acció cultural d'Igualada : |b Fase de diagnòstic / Institut Municipal de Cultura (d'Igualada) | ||
| 260 | |a [Igualada] : |b Ajuntament d'Igualada : |b Institut Municipal de Cultura, [2001] | ||
| 300 | |a 166 p. : |b quadres, taules ; |c 30 cm | ||
| 490 | |a Papers de treball (Diputació) ; 1 | ||
| 590 | |a A la part superior de la coberta: Diputació de Barcelona, Xarxa de Municipis, Àrea de Cultura | ||
| 650 | |a Municipis |x Barcelona (Província) |x Subvencions |9 23036 | ||
| 710 | 1 | |a Barcelona (Catalunya : Província). |b Àrea de Cultura |9 53536 | |
| 710 | |a Igualada (Catalunya). |b Ajuntament |9 55299 | ||
| 901 | |a Arxiu | ||
| 942 | |n 1 |2 udc |c MON | ||
| 952 | |0 0 |1 0 |4 0 |6 M4353 |7 1 |9 47763 |a Arxiu |b Arxiu |d 2016-12-01 |l 0 |o M-4-353 |p 15982 |r 2016-12-01 00:00:00 |w 2016-12-01 |y ARXIU | ||
| 999 | |c 51562 |d 51562 | ||